Quiz o Poppy Playtime - Statystyki

Ogólne statystyki
  • Ten quiz został rozwiązany 660 razy
  • Średni wynik to 23 z 30
Statystyki odpowiedzi
Zagadnienie Odpowiedź % Poprawnych
Kto jest głównym Antagonistą Chapteru 2? Mommy Long Legs
96%
Kto jest głównym Antagonistą Chapteru 3? CatNap
95%
Kto jest głównym Antagonistą Chapteru 1? Huggy Wuggy
95%
Jak nazywa się Fioletowy Kot CatNap
89%
Jak nazywa się Pomarańczowy Pies? DogDay
89%
Jak nazywa się Różowa świnka? PickyPiggy
87%
Czy Miss DeLight Jest Nauczycielką? Tak
87%
Gdzie zaczynamy grę? W fabryce zabawek
87%
Ile mamy Smiling Critters? 8
86%
Jak nazywa się Zielony Królik? Hoopy Hopscotch
86%
To dlaczego nas goni? Bo Smiling Critters w niego weszły
85%
Jak nazywa się Biały Jednorożec? CraftyCorn
85%
Jak nazywa się Żółty Kurczak? KickinChiken
84%
Jak nazywa się czerwony miś? Bobby BearHug
82%
Dokończ: The Hour Of Joy
82%
Ile łapek dostajemy w Chapterze 2? 1
81%
Ile łapek dostajemy w Chapterze 1? 2
81%
Jak nazywa się niebieski słoń? Bubba Bubbaphant
81%
A jakie tracimy w Chapterze 1? Nie Tracimy
80%
Jaki eksperyment ma Huggy Wuggy? 1-1-7-0
77%
Czy DogDay jest miły? Tak
75%
A jakie tracimy w Chapterze 2? 1
71%
Ile łapek dostajemy w Chapterze 3? 2
68%
Jaki eksperyment ma Mommy Long Legs? 1-2-2-2
67%
A z jakiego przedmiotu? Z MATY
62%
A jakie tracimy w Chapterze 3? 1
59%
Ile razy widzimy CatNapa? 6
57%
Kto jest przywódcą Smiling Critters? DogDay
55%
jaki eksperyment ma CatNap? 1-1-8-8
54%
Ile mamy Chapterów? (2024) 3
49%
Nie znaleziono quizów pasujących do podanych kryteriów
Rozkład punktacji
Procent ludzi z każdym wynikiem
Percentyl według liczby udzielonych odpowiedzi
Twoja historia wyników
Nie rozwiązałeś tego quizu